[Event "46th Bosna Open 2016"]
[Site "Sarajevo BIH"]
[Date "2016.05.29"]
[Round "3.1"]
[White "Yilmaz, Mustafa"]
[Black "Nikcevic, Nebojsa"]
[Result "1-0"]
[WhiteTitle "GM"]
[BlackTitle "GM"]
[WhiteElo "2603"]
[BlackElo "2416"]
[WhiteFideId "6302718"]
[BlackFideId "901776"]
[EventDate "2016.05.28"]

1. d4 Nf6 2. c4 e6 3. Nf3 Bb4+ 4. Nbd2 b6 5. g3 Bb7 6. Bg2 O-O 7. O-O d5 8. Ne5
Nbd7 9. Qa4 Bd6 10. cxd5 Bxe5 11. dxe5 Nxd5 12. Nf3 Nc5 13. Qc2 h6 14. Bd2 a5
15. Rad1 Qe8 16. b3 Qb5 17. Rfe1 Nb4 18. Qb2 Rfd8 19. Rc1 Nba6 20. Be3 Bd5 21.
Red1 Qe8 22. Bf1 Nb7 23. Rd4 Bxf3 24. exf3 Rxd4 25. Qxd4 Nac5 26. Qg4 Kf8 27.
Qc4 Qd8 28. Qc2 Kg8 29. a3 Qd5 30. b4 axb4 31. axb4 Qxe5 32. bxc5 Nxc5 33. f4
Qd6 34. Bxc5 Qxc5 35. Qxc5 bxc5 36. Rxc5 Ra7 37. f5 exf5 38. Rxf5 g6 39. Re5 Kf8
40. Kg2 h5 41. h3 Ra3 42. Rc5 Ra7 43. Re5 Ra3 44. Bc4 Ra4 45. Re8+ Kg7 46. Be2
Kf6 47. Rc8 Ra7 48. Bf3 Ke7 49. Ra8 1-0

[Event "46th Bosna Open 2016"]
[Site "Sarajevo BIH"]
[Date "2016.05.29"]
[Round "3.2"]
[White "Nestorovic, Dejan"]
[Black "Kozul, Zdenko"]
[Result "0-1"]
[WhiteTitle "IM"]
[BlackTitle "GM"]
[WhiteElo "2387"]
[BlackElo "2591"]
[WhiteFideId "904279"]
[BlackFideId "14502879"]
[EventDate "2016.05.28"]

1. d4 Nf6 2. c4 g6 3. Nc3 Bg7 4. e4 d6 5. Be2 O-O 6. Nf3 c6 7. O-O e5 8. Re1 Na6
9. Bf1 Bg4 10. Be3 exd4 11. Bxd4 Re8 12. h3 Bxf3 13. Qxf3 Nb4 14. Re2 c5 15. Be3
Nc6 16. Rd2 Qb6 17. Rad1 Re6 18. g3 Rae8 19. Bg2 Nd7 20. Qe2 Bxc3 21. bxc3 Na5
22. Bf4 Ne5 23. Bxe5 dxe5 24. Rd5 Nc6 25. h4 Ne7 26. Rd7 Kg7 27. Bh3 Rf6 28.
R7d2 Ng8 29. Rb2 Qa6 30. Rd7 Re7 31. Rd5 Rc6 32. Rbd2 Nf6 33. Rd8 Rb6 34. Kh2
Qa3 35. Rc2 h5 36. Qd3 Re8 37. Rxe8 Nxe8 38. Qd5 Nf6 39. Qxe5 Qa4 40. Rd2 Qxc4
41. f3 Ra6 42. a4 Rb6 43. Rd6 Qa2+ 44. Bg2 Rb2 45. Qxf6+ Kh7 46. g4 Rxg2+ 47.
Kh3 hxg4+ 48. fxg4 Rf2 0-1

[Event "46th Bosna Open 2016"]
[Site "Sarajevo BIH"]
[Date "2016.05.29"]
[Round "3.3"]
[White "Brkic, Ante"]
[Black "Grynszpan, Mariano"]
[Result "1-0"]
[WhiteTitle "GM"]
[BlackTitle "FM"]
[WhiteElo "2584"]
[BlackElo "2400"]
[WhiteFideId "14506688"]
[BlackFideId "100277"]
[EventDate "2016.05.28"]

1. e4 e6 2. d4 d5 3. Nc3 Bb4 4. e5 b6 5. a3 Bf8 6. Nf3 Qd7 7. b4 c6 8. Rb1 Ba6
9. b5 Bxb5 10. Nxb5 cxb5 11. Bxb5 Nc6 12. Qd3 Nge7 13. O-O Ng6 14. Rb3 Be7 15.
c4 O-O 16. Rc3 a6 17. cxd5 axb5 18. dxc6 Qd5 19. Be3 Rfc8 20. c7 Ra7 21. Rfc1
Qd7 22. d5 exd5 23. Bxb6 Ra6 24. Qe3 Nf8 25. h3 Ne6 26. R1c2 Ra4 27. Nd4 Nxd4
28. Bxd4 Rc4 29. Bb6 Qc6 30. Rxc4 bxc4 31. Ra2 Qb5 32. Ra1 c3 33. Rc1 Bxa3 34.
Rxc3 Be7 35. Qd4 Kf8 36. Qg4 Qa6 37. Qd7 g6 38. Rc1 Qb7 39. e6 1-0

[Event "46th Bosna Open 2016"]
[Site "Sarajevo BIH"]
[Date "2016.05.29"]
[Round "3.4"]
[White "Arapovic, Vitomir"]
[Black "Bosiocic, Marin"]
[Result "0-1"]
[WhiteTitle "IM"]
[BlackTitle "GM"]
[WhiteElo "2350"]
[BlackElo "2567"]
[WhiteFideId "14401614"]
[BlackFideId "14507927"]
[EventDate "2016.05.28"]

1. e4 c5 2. Nf3 e6 3. d3 Nc6 4. g3 Nge7 5. Bg2 g6 6. O-O Bg7 7. c3 e5 8. Be3 d6
9. Qd2 O-O 10. Na3 f5 11. Nh4 Be6 12. exf5 Nxf5 13. Nxf5 Bxf5 14. f4 Qe7 15.
Rae1 Rac8 16. fxe5 dxe5 17. Be4 Kh8 18. Qg2 Nd8 19. g4 Bxe4 20. Rxf8+ Bxf8 21.
Qxe4 Nf7 22. Kg2 Bg7 23. h3 Qd7 24. Rf1 Rd8 25. Nc4 b5 26. Nd2 a6 27. Nb3 c4 28.
Nc5 Qe8 29. Qf3 Nd6 30. Bg5 Rc8 31. Ne4 Nxe4 32. dxe4 Qc6 33. Qe3 Qd7 34. Rf2
Qb7 35. a3 a5 36. Rd2 b4 37. axb4 axb4 38. cxb4 Qxb4 39. Qc3 Qb7 40. Rd5 h6 41.
Bd2 Qb6 42. Be1 h5 43. Bg3 Rf8 44. Qd2 Qb3 45. Qe2 hxg4 46. hxg4 Ra8 47. Rd2 Ra2
48. Kf2 Qb6+ 49. Kg2 Qb3 50. Kf2 Ra1 51. Rc2 Qb6+ 52. Qe3 Qf6+ 53. Ke2 Qf1+ 54.
Kd2 Rd1+ 0-1

[Event "46th Bosna Open 2016"]
[Site "Sarajevo BIH"]
[Date "2016.05.29"]
[Round "3.5"]
[White "Lekic, Dusan"]
[Black "Kadric, Denis"]
[Result "1/2-1/2"]
[WhiteTitle "IM"]
[BlackTitle "GM"]
[WhiteElo "2345"]
[BlackElo "2554"]
[WhiteFideId "905330"]
[BlackFideId "14403803"]
[EventDate "2016.05.28"]

1. d4 g6 2. c4 Bg7 3. Nf3 d6 4. e4 e5 5. Nc3 Nd7 6. Be2 Ne7 7. h4 h6 8. h5 g5 9.
g4 Nf8 10. Rg1 Ne6 11. Be3 Bd7 12. d5 Nf4 13. c5 O-O 14. cxd6 cxd6 15. Nd2 Qb8
16. a4 Bf6 17. Qb3 Nc8 18. Bf1 Bd8 19. a5 Kg7 20. f3 f6 21. Rh1 Rf7 22. Kf2 Be8
23. Kg3 b5 24. Qb4 a6 25. Nb3 Qb7 26. Rh2 Bc7 27. Rc1 Bb8 28. Rhc2 Ba7 29. Nd1
f5 1/2-1/2

[Event "46th Bosna Open 2016"]
[Site "Sarajevo BIH"]
[Date "2016.05.29"]
[Round "3.6"]
[White "Djukic, Nikola"]
[Black "Trkulja, Goran"]
[Result "1/2-1/2"]
[WhiteTitle "GM"]
[BlackTitle "IM"]
[WhiteElo "2546"]
[BlackElo "2320"]
[WhiteFideId "922412"]
[BlackFideId "14401053"]
[EventDate "2016.05.28"]

1. e4 e5 2. Nf3 Nc6 3. Bb5 Nge7 4. c3 d5 5. Nxe5 dxe4 6. Qe2 Qd5 7. Nxc6 Nxc6 8.
d4 Bf5 9. O-O O-O-O 10. Nd2 Bg6 11. b4 Bh5 12. Qc4 Qxc4 13. Bxc4 Re8 14. Bd5 f5
15. Nc4 Nd8 16. Ne5 c6 17. Bc4 Bd6 18. f4 exf3 19. Nxf3 Rhf8 20. Bd2 Bf7 21. Bd3
Bd5 22. Rae1 g6 23. Ne5 Bxe5 24. dxe5 b5 25. Re2 Ne6 26. a4 a6 27. Rc1 Kb7 28.
c4 bxc4 29. Bxc4 Rd8 30. Kf1 Rfe8 31. Bxd5 Rxd5 32. Bc3 Red8 33. Rec2 Rd1+ 34.
Rxd1 Rxd1+ 35. Ke2 Rd5 1/2-1/2

[Event "46th Bosna Open 2016"]
[Site "Sarajevo BIH"]
[Date "2016.05.29"]
[Round "3.7"]
[White "Kantorik, Marian"]
[Black "Jovanovic, Zoran"]
[Result "0-1"]
[WhiteTitle "IM"]
[BlackTitle "GM"]
[WhiteElo "2285"]
[BlackElo "2531"]
[WhiteFideId "14900513"]
[BlackFideId "14505320"]
[EventDate "2016.05.28"]

1. d4 d6 2. e4 Nf6 3. Nc3 e5 4. Nf3 Nbd7 5. Bc4 Be7 6. O-O Nb6 7. Be2 exd4 8.
Nxd4 O-O 9. a4 a5 10. Bf3 c6 11. h3 d5 12. e5 Ne8 13. Bf4 g6 14. Bg4 Ng7 15. b3
Nd7 16. Nce2 Nc5 17. Ng3 f6 18. Bxc8 Rxc8 19. exf6 Bxf6 20. Be3 Nce6 21. Qd2
Nxd4 22. Bxd4 Bxd4 23. Qxd4 Ne6 24. Qd2 Nf4 25. Rae1 Qg5 26. Qd4 Rce8 27. Kh2 h5
28. Rxe8 Rxe8 29. Rg1 h4 30. Nf1 Ne2 31. Qb6 Rf8 0-1

[Event "46th Bosna Open 2016"]
[Site "Sarajevo BIH"]
[Date "2016.05.29"]
[Round "3.8"]
[White "Martinovic, Sasa"]
[Black "Durakovic, Alman"]
[Result "1-0"]
[WhiteTitle "GM"]
[BlackTitle "FM"]
[WhiteElo "2529"]
[BlackElo "2292"]
[WhiteFideId "14509792"]
[BlackFideId "14401894"]
[EventDate "2016.05.28"]

1. d4 Nf6 2. c4 e6 3. Nc3 Bb4 4. Qc2 O-O 5. Nf3 d6 6. Bd2 c5 7. dxc5 dxc5 8. e3
Nc6 9. a3 Ba5 10. Bd3 e5 11. O-O-O Bxc3 12. Bxc3 Qe7 13. Ng5 h6 14. h4 Be6 15.
Nxe6 Qxe6 16. g4 Qxg4 17. Rhg1 Qe6 18. f4 Rfd8 19. Rdf1 e4 20. Qg2 Kf8 21. f5
Qd6 22. Qxg7+ Ke7 23. Be2 Rg8 24. Qxh6 Ne5 25. Kc2 Neg4 26. Bxg4 Nxg4 27. Qxd6+
Kxd6 28. Rg3 Nh6 29. Bg7 Rad8 30. Bxh6 1-0

[Event "46th Bosna Open 2016"]
[Site "Sarajevo BIH"]
[Date "2016.05.29"]
[Round "3.9"]
[White "Pasalic, Harun"]
[Black "Kurajica, Bojan"]
[Result "0-1"]
[BlackTitle "GM"]
[WhiteElo "2253"]
[BlackElo "2527"]
[WhiteFideId "14403269"]
[BlackFideId "14400057"]
[EventDate "2016.05.28"]

1. e4 c5 2. Nf3 Nc6 3. d4 cxd4 4. Nxd4 Qb6 5. Nb3 Nf6 6. Nc3 e6 7. Be3 Qc7 8.
Be2 Bb4 9. Qd3 d5 10. O-O-O Bxc3 11. Qxc3 O-O 12. f3 dxe4 13. fxe4 Nxe4 14. Qc4
Nd6 15. Bf4 Nxc4 16. Bxc7 Ne3 17. Rdg1 e5 18. Bf3 f6 19. Re1 Nf5 20. Nc5 Nfd4
21. Bd5+ Kh8 22. c3 Nb5 23. Bxc6 bxc6 24. Ba5 Nd6 25. Bc7 Nc4 26. Rhf1 Bg4 27.
Re4 Bh5 28. g4 Bf7 29. b3 Nb6 30. Kb2 Bg6 31. Rb4 Nd5 32. Rb7 Rf7 33. Rb8+ Rxb8
34. Bxb8 h5 35. g5 Kh7 36. a4 a5 37. Bd6 Ne3 38. Rf3 Nf5 39. Ne4 Nh4 40. Rh3 Ng2
41. Nc5 fxg5 42. Bxe5 Rf2+ 43. Ka3 Ne1 44. b4 Re2 45. Bc7 g4 46. Rg3 Bf7 47.
bxa5 Ra2+ 0-1

[Event "46th Bosna Open 2016"]
[Site "Sarajevo BIH"]
[Date "2016.05.29"]
[Round "3.10"]
[White "Savic, Miodrag R"]
[Black "Obad, Andrija"]
[Result "1-0"]
[WhiteTitle "GM"]
[WhiteElo "2522"]
[BlackElo "2279"]
[WhiteFideId "920479"]
[BlackFideId "14412276"]
[EventDate "2016.05.28"]

1. e4 c5 2. c3 d5 3. exd5 Qxd5 4. Nf3 Nf6 5. Be2 Nc6 6. O-O e5 7. Na3 e4 8. Ne1
Be7 9. d3 O-O 10. dxe4 Qxe4 11. Bf3 Qf5 12. Nc4 Be6 13. Ne3 Qe5 14. Qc2 Rac8 15.
b3 Rfd8 16. Bb2 Qc7 17. Be2 Nd5 18. Nxd5 Bxd5 19. Bg4 Ra8 20. c4 Nb4 21. Qe2 Bc6
22. a3 Na6 23. Bc3 Bf8 24. Nc2 Re8 25. Ne3 Qf4 26. Rfe1 Rad8 27. Rad1 Nc7 28.
Rxd8 Rxd8 29. Qb2 Re8 30. Bh3 Qg5 31. g3 Ne6 32. Bg2 Bxg2 33. Nxg2 Rd8 34. Ne3
Nf4 35. Qc2 Ne6 36. Nd5 Qg6 37. Qxg6 hxg6 38. a4 Bd6 39. f4 Kf8 40. Kf2 Nc7 41.
Ne3 Be7 42. Ke2 Bf6 43. Bxf6 gxf6 44. f5 Rd6 45. Rd1 Ke7 46. Rd3 Ne8 47. h4 Rxd3
48. Kxd3 Kd6 49. Ke4 Kc6 50. g4 Nd6+ 51. Kf3 Kd7 52. h5 gxh5 53. gxh5 Ke7 54.
Kf4 Kf8 55. Ng4 Kg7 56. a5 b5 57. axb6 axb6 58. h6+ Kh7 59. Nxf6+ Kxh6 60. Ke5
Nb7 61. Ne4 Kg7 62. Nd2 Na5 63. Kd6 Kf6 64. Kc7 Kxf5 65. Kxb6 Nxb3 66. Nxb3 Ke4
67. Kxc5 f5 68. Nd4 f4 69. Ne6 1-0

[Event "46th Bosna Open 2016"]
[Site "Sarajevo BIH"]
[Date "2016.05.29"]
[Round "3.11"]
[White "Slamar, Velimir"]
[Black "Kosic, Dragan"]
[Result "0-1"]
[BlackTitle "GM"]
[WhiteElo "2115"]
[BlackElo "2507"]
[WhiteFideId "14502178"]
[BlackFideId "900290"]
[EventDate "2016.05.28"]

1. Nf3 Nf6 2. c4 e6 3. d4 Bb4+ 4. Bd2 a5 5. a3 Bxd2+ 6. Qxd2 O-O 7. Nc3 d6 8. e3
b6 9. Be2 Bb7 10. O-O Nbd7 11. b4 Ne4 12. Nxe4 Bxe4 13. Rfd1 f5 14. Ne1 Qg5 15.
c5 axb4 16. cxd6 cxd6 17. f3 Bb7 18. axb4 Nf6 19. Rac1 Nd5 20. f4 Qe7 21. Bf3
Ra3 22. Bxd5 Bxd5 23. Rc3 Ra2 24. Rc2 Rxc2 25. Qxc2 Qd7 26. Rc1 Qb5 27. Qc3 Ra8
28. Kf2 h6 29. Rc2 Kh7 30. h3 Be4 31. Rb2 Qd7 32. b5 Rc8 33. Qd2 Qc7 34. Nd3 Qc4
35. Ne1 Ra8 36. Nf3 Ra1 37. Kg3 Ra3 38. Kf2 Rb3 39. d5 Rxb2 40. Qxb2 Qxd5 41.
Kg3 Bd3 42. Qa3 Bxb5 43. Qa7 Qc5 44. Qe7 Qxe3 45. Qxd6 Be2 46. h4 Bxf3 47. gxf3
Qg1+ 48. Kh3 Qf2 49. Qa3 b5 50. h5 Qf1+ 51. Kh2 Qc4 52. Kg3 b4 53. Qa7 b3 54.
Qb6 Qd5 55. Qg1 b2 56. Kh2 Qd7 57. Qb6 Qd2+ 0-1

[Event "46th Bosna Open 2016"]
[Site "Sarajevo BIH"]
[Date "2016.05.29"]
[Round "3.12"]
[White "Drasko, Milan"]
[Black "Mrndjic, Muamer"]
[Result "1-0"]
[WhiteTitle "GM"]
[WhiteElo "2440"]
[BlackElo "2224"]
[WhiteFideId "900397"]
[BlackFideId "14402114"]
[EventDate "2016.05.28"]

1. Nf3 Nf6 2. g3 b6 3. Bg2 Bb7 4. c4 e6 5. O-O Be7 6. b3 O-O 7. Bb2 d6 8. d4
Nbd7 9. Qc2 c5 10. dxc5 bxc5 11. Nc3 a6 12. Rad1 Qc7 13. Rd2 h6 14. Rfd1 Rfd8
15. Ne1 Bxg2 16. Nxg2 Qc6 17. f4 Re8 18. h3 Rad8 19. g4 Nb6 20. e4 Nbd7 21. Re1
Nh7 22. Nd1 Nb8 23. Nf2 Qc7 24. h4 Nc6 25. Qd1 g6 26. g5 h5 27. f5 d5 28. fxg6
fxg6 29. exd5 exd5 30. Rxd5 Nb4 31. Rxd8 Rxd8 32. Qe2 Bd6 33. a3 Nc6 34. Qc2 Nf8
35. Ne4 Be7 36. Qf2 Nd4 37. Nf4 Qc8 38. Qg2 Qf5 39. Rf1 Qe5 40. Nd5 Nd7 41.
Ndf6+ Kg7 42. Qf2 Kh8 43. Qg2 Nf8 44. Nd5 Kg7 45. b4 Rb8 46. Nxe7 Qxe7 47. Nxc5
Qe5 48. Qf2 Rd8 49. Qf6+ Qxf6 50. Rxf6 Kg8 51. Rxa6 Nf3+ 52. Kf2 Nxh4 53. Ne4
Kf7 54. c5 Rd3 55. c6 Ne6 56. c7 Rf3+ 57. Ke2 Nf4+ 58. Kd2 Rd3+ 59. Kc2 Nf5 60.
c8=Q 1-0

[Event "46th Bosna Open 2016"]
[Site "Sarajevo BIH"]
[Date "2016.05.30"]
[Round "4.1"]
[White "Kurajica, Bojan"]
[Black "Yilmaz, Mustafa"]
[Result "0-1"]
[WhiteTitle "GM"]
[BlackTitle "GM"]
[WhiteElo "2527"]
[BlackElo "2603"]
[WhiteFideId "14400057"]
[BlackFideId "6302718"]
[EventDate "2016.05.28"]

1. Nf3 Nf6 2. c4 e6 3. b3 d5 4. Bb2 c5 5. e3 Nc6 6. cxd5 exd5 7. Bb5 Bd6 8. O-O
Bg4 9. Bxc6+ bxc6 10. d3 O-O 11. Nbd2 Nd7 12. Qc2 Re8 13. Rac1 Rc8 14. Rfe1 Bh5
15. e4 Bf4 16. Rb1 Bd6 17. Rbc1 Re6 18. e5 Bc7 19. d4 Bb6 20. Qf5 Bg6 21. Qf4
cxd4 22. Nxd4 Nc5 23. Rxc5 Bxc5 24. Nxe6 fxe6 25. Nf3 Qa5 26. a3 Rf8 27. Qc1 Qb6
28. Re2 a5 29. Rd2 Be7 30. Bc3 Be4 31. Qb2 Bxf3 32. gxf3 Rxf3 33. Kg2 Rf8 34.
Rd4 Rb8 35. Rg4 c5 36. Qe2 d4 0-1

[Event "46th Bosna Open 2016"]
[Site "Sarajevo BIH"]
[Date "2016.05.30"]
[Round "4.2"]
[White "Kozul, Zdenko"]
[Black "Martinovic, Sasa"]
[Result "0-1"]
[WhiteTitle "GM"]
[BlackTitle "GM"]
[WhiteElo "2591"]
[BlackElo "2529"]
[WhiteFideId "14502879"]
[BlackFideId "14509792"]
[EventDate "2016.05.28"]

1. d4 d5 2. c4 c6 3. e3 Bf5 4. Nc3 e6 5. Nf3 Nd7 6. Bd3 Bxd3 7. Qxd3 Ngf6 8. O-O
Bb4 9. Bd2 a5 10. a3 Be7 11. b3 O-O 12. Rfd1 Qb6 13. Be1 Rfe8 14. h3 h6 15. c5
Qa6 16. Qxa6 Rxa6 17. b4 axb4 18. axb4 Rea8 19. Rxa6 Rxa6 20. b5 Ra3 21. Rb1 Bd8
22. bxc6 bxc6 23. Ne2 Kf8 24. Nc1 Ke8 25. Bb4 Ra7 26. Nd3 Ng8 27. g4 Ne7 28. Kg2
Bc7 29. Rb3 f6 30. Bc3 Nf8 31. Be1 g5 32. Nd2 e5 33. dxe5 fxe5 34. f3 Ne6 35.
Kf1 Ng6 36. Rb2 Kd7 37. Ke2 Ra3 38. Nf1 Ngf4+ 39. Nxf4 exf4 40. Bb4 Ra4 41. Kd3
fxe3 42. Nxe3 Nf4+ 43. Kc2 Be5 44. Rb1 Ra2+ 45. Kb3 Rf2 46. Nf5 Rxf3+ 47. Ka4
Rxh3 48. Ba5 Nd3 49. Bb6 Nb2+ 50. Ka5 Nc4+ 51. Ka6 h5 52. gxh5 Rxh5 53. Ba7 Ke6
54. Nd6 Nxd6 55. cxd6 Bxd6 56. Kb6 Kd7 57. Rf1 Bf4 58. Kb7 Rh2 0-1

[Event "46th Bosna Open 2016"]
[Site "Sarajevo BIH"]
[Date "2016.05.30"]
[Round "4.3"]
[White "Kosic, Dragan"]
[Black "Brkic, Ante"]
[Result "1/2-1/2"]
[WhiteTitle "GM"]
[BlackTitle "GM"]
[WhiteElo "2507"]
[BlackElo "2584"]
[WhiteFideId "900290"]
[BlackFideId "14506688"]
[EventDate "2016.05.28"]

1. d4 Nf6 2. Nf3 d5 3. c4 e6 4. Nc3 Bb4 5. Qa4+ Nc6 6. e3 O-O 7. Bd2 dxc4 8.
Bxc4 Bd6 9. Rd1 e5 10. d5 Ne7 11. e4 h6 12. O-O a6 13. Be2 Bd7 14. Qc2 c6 15.
dxc6 Bxc6 16. Bxh6 gxh6 17. Qd2 Nxe4 18. Nxe4 Bxe4 19. Qxd6 Qxd6 20. Rxd6 Nf5
21. Rb6 Rfe8 22. Nd2 Bc6 23. Nb3 Ne7 24. Na5 Nd5 25. Rb3 Nf4 26. Bc4 Rac8 27.
Nxc6 Rxc6 28. Rc3 Kf8 29. g3 b5 30. Bxb5 Rxc3 31. bxc3 axb5 32. gxf4 exf4 33.
Kg2 Rc8 34. Rb1 Rxc3 35. Rxb5 Ra3 36. Rf5 1/2-1/2

[Event "46th Bosna Open 2016"]
[Site "Sarajevo BIH"]
[Date "2016.05.30"]
[Round "4.4"]
[White "Bosiocic, Marin"]
[Black "Savic, Miodrag R"]
[Result "1-0"]
[WhiteTitle "GM"]
[BlackTitle "GM"]
[WhiteElo "2567"]
[BlackElo "2522"]
[WhiteFideId "14507927"]
[BlackFideId "920479"]
[EventDate "2016.05.28"]

1. e4 e5 2. Nf3 Nc6 3. Bb5 a6 4. Ba4 Nge7 5. c3 g6 6. d4 exd4 7. cxd4 b5 8. Bc2
Bg7 9. O-O d5 10. exd5 Nxd5 11. Bg5 f6 12. Re1+ Nce7 13. Nc3 Nxc3 14. bxc3 O-O
15. Bc1 Nd5 16. Bb3 c6 17. Ba3 Re8 18. Nd2 Rxe1+ 19. Qxe1 Bf8 20. Bxf8 Kxf8 21.
Ne4 Kg7 22. f3 Ra7 23. a4 Re7 24. Qd2 Bf5 25. Nc5 g5 26. Bxd5 Qxd5 27. a5 Qc4
28. Kf2 Ra7 29. Re1 h5 30. h4 gxh4 31. Qf4 Kg6 32. Qxh4 Qxc3 33. Qg3+ Kh7 34.
Qf4 Bg6 35. Qxf6 Rf7 36. Re7 Qd2+ 37. Kg1 Qa2 38. Ne6 Qb1+ 39. Kh2 1-0

[Event "46th Bosna Open 2016"]
[Site "Sarajevo BIH"]
[Date "2016.05.30"]
[Round "4.5"]
[White "Jovanovic, Zoran"]
[Black "Drasko, Milan"]
[Result "1/2-1/2"]
[WhiteTitle "GM"]
[BlackTitle "GM"]
[WhiteElo "2531"]
[BlackElo "2440"]
[WhiteFideId "14505320"]
[BlackFideId "900397"]
[EventDate "2016.05.28"]

1. e4 e6 2. d4 d5 3. Nc3 Bb4 4. exd5 exd5 5. Bd3 c6 6. Qf3 Qf6 7. Bf4 Bd6 8.
Nge2 Ne7 9. O-O-O O-O 10. h4 b6 11. Bxd6 Qxd6 12. g4 Ba6 13. Ng3 Bxd3 14. Rxd3
Na6 15. Nf5 Nxf5 16. gxf5 Nc7 17. Qg4 Kh8 18. Rg1 1/2-1/2

[Event "46th Bosna Open 2016"]
[Site "Sarajevo BIH"]
[Date "2016.05.30"]
[Round "4.6"]
[White "Nikolic, Predrag"]
[Black "Jakovljevic, Vlado"]
[Result "1-0"]
[WhiteTitle "GM"]
[BlackTitle "IM"]
[WhiteElo "2617"]
[BlackElo "2395"]
[WhiteFideId "14400014"]
[BlackFideId "916080"]
[EventDate "2016.05.28"]

1. d4 d5 2. c4 c6 3. Nc3 Nf6 4. Nf3 dxc4 5. a4 Bf5 6. e3 e6 7. Bxc4 Bb4 8. O-O
O-O 9. Qe2 Nbd7 10. Ne5 h6 11. Nd3 Bxd3 12. Bxd3 e5 13. dxe5 Nxe5 14. Bc2 Re8
15. e4 Ng6 16. f4 Qa5 17. e5 Bxc3 18. bxc3 Qxc3 19. Ra3 Qc5+ 20. Kh1 Nxf4 21.
Qf3 Qxc2 22. Qxf4 Re6 23. Raf3 Rae8 24. exf6 Rxf6 25. Qd4 Rxf3 26. gxf3 Qe2 27.
Qd1 Qc4 28. Rg1 Re6 29. Bb2 Rg6 30. Rxg6 fxg6 31. Kg2 g5 32. Kg1 b5 33. Qd8+ Kf7
34. axb5 cxb5 35. Qd7+ Kg6 36. Qxg7+ Kh5 37. Qxa7 Qe2 38. Qf2 Qd3 39. Bd4 b4 40.
Qe3 Qd1+ 41. Kg2 Qc2+ 42. Kg3 Qc7+ 43. Qe5 Qd7 44. h4 b3 45. hxg5 hxg5 46. Be3
Qd8 47. Qg7 Qd6+ 48. Kg2 Qg6 49. Qh8+ Qh6 50. Qg8 Qg6 51. Qxb3 Qf5 52. Qb6 Qc2+
53. Kg3 Qe2 54. Qb1 Kh6 55. Qe4 Qe1+ 56. Kg4 Qh4+ 57. Kf5 1-0

[Event "46th Bosna Open 2016"]
[Site "Sarajevo BIH"]
[Date "2016.05.30"]
[Round "4.7"]
[White "Trkulja, Goran"]
[Black "Can, Emre"]
[Result "0-1"]
[WhiteTitle "IM"]
[BlackTitle "GM"]
[WhiteElo "2320"]
[BlackElo "2557"]
[WhiteFideId "14401053"]
[BlackFideId "6302181"]
[EventDate "2016.05.28"]

1. Nf3 g6 2. c4 Bg7 3. Nc3 e5 4. d4 exd4 5. Nxd4 Nc6 6. Nxc6 bxc6 7. Qc2 Ne7 8.
g3 O-O 9. Bg2 d6 10. O-O Rb8 11. Bg5 c5 12. Rad1 h6 13. Bc1 Bf5 14. Qa4 Rb4 15.
Qxa7 Rxc4 16. Nd5 Nxd5 17. Bxd5 Rc2 18. Rd2 Rxd2 19. Bxd2 Bxb2 20. a4 Bg7 21. a5
Be6 22. Bc6 Bc4 23. a6 Qc8 24. Bb7 Qe8 25. Rc1 Qxe2 26. Be3 Qa2 27. Rxc4 Qxc4
28. Bc6 d5 29. Bxc5 Bd4 30. Bxd4 Qxc6 31. Bb2 Qb6 32. Qxb6 cxb6 0-1

[Event "46th Bosna Open 2016"]
[Site "Sarajevo BIH"]
[Date "2016.05.30"]
[Round "4.8"]
[White "Kadric, Denis"]
[Black "Vajic, Goran"]
[Result "1/2-1/2"]
[WhiteTitle "GM"]
[WhiteElo "2554"]
[BlackElo "2299"]
[WhiteFideId "14403803"]
[BlackFideId "14402890"]
[EventDate "2016.05.28"]

1. e4 e5 2. Nf3 Nf6 3. Nxe5 d6 4. Nf3 Nxe4 5. c4 g6 6. d4 Bg7 7. Bd3 Nf6 8. O-O
O-O 9. h3 Nc6 10. Nc3 d5 11. a3 Be6 12. c5 Qd7 13. Re1 Bf5 14. Ne5 Qc8 15. Nxc6
bxc6 16. Bf4 Bxd3 17. Qxd3 Qd7 18. Rad1 Nh5 19. Bh2 Rfe8 20. g4 Rxe1+ 21. Rxe1
Nf6 22. Be5 Ne8 23. b4 a6 24. Kg2 Bxe5 25. dxe5 Qe7 26. f4 Ng7 27. Ne2 a5 28.
Nd4 axb4 29. axb4 Ne6 30. Kg3 Nxd4 31. Qxd4 Ra3+ 32. Re3 Rxe3+ 33. Qxe3 Qd8 34.
e6 Qe7 35. exf7+ Qxf7 36. Qe5 1/2-1/2

[Event "46th Bosna Open 2016"]
[Site "Sarajevo BIH"]
[Date "2016.05.30"]
[Round "4.9"]
[White "Petrovic, Marija"]
[Black "Djukic, Nikola"]
[Result "1/2-1/2"]
[WhiteTitle "WIM"]
[BlackTitle "GM"]
[WhiteElo "2055"]
[BlackElo "2546"]
[WhiteFideId "909564"]
[BlackFideId "922412"]
[EventDate "2016.05.28"]

1. Nf3 Nf6 2. g3 g6 3. Bg2 Bg7 4. O-O O-O 5. d4 d6 6. Nbd2 Nc6 7. c3 e5 8. dxe5
dxe5 9. Qc2 Qe7 10. e4 a5 11. Re1 Ne8 12. Nc4 Be6 13. Ne3 f6 14. Nd5 Qf7 15. c4
Nd6 16. b3 Rfd8 17. Bd2 Bf8 18. a3 Bg4 19. Bc3 a4 20. b4 Nxc4 21. Qa2 b5 22. Nd2
Be6 23. Nxc4 bxc4 24. Qxc4 Na7 25. Qe2 Rab8 26. Rad1 c6 27. Ne3 Nb5 28. Rxd8
Rxd8 29. Bb2 Qb7 30. Rd1 Nd4 31. Bxd4 exd4 32. Ng4 Bg7 33. e5 fxe5 34. Nxe5 Qb5
35. Nd3 Bf5 36. g4 Bc8 37. Qe4 Qg5 38. h3 h5 39. gxh5 Qxh5 40. Qf3 Qxf3 41. Bxf3
Rd6 42. Kg2 Bf5 43. Bg4 Be4+ 44. Bf3 Bf5 45. Bg4 Be4+ 46. Bf3 Bf5 1/2-1/2

[Event "46th Bosna Open 2016"]
[Site "Sarajevo BIH"]
[Date "2016.05.30"]
[Round "4.10"]
[White "Drazic, Sinisa"]
[Black "Lekic, Dusan"]
[Result "1/2-1/2"]
[WhiteTitle "GM"]
[BlackTitle "IM"]
[WhiteElo "2422"]
[BlackElo "2345"]
[WhiteFideId "901172"]
[BlackFideId "905330"]
[EventDate "2016.05.28"]

1. d4 d5 2. c4 c6 3. Nc3 Nf6 4. e3 e6 5. b3 Bd6 6. Bb2 O-O 7. Qc2 Nbd7 8. Nf3 e5
9. cxd5 cxd5 10. dxe5 Nxe5 11. Nxe5 Bxe5 12. Nb5 Bf5 13. Qxf5 Bxb2 14. Rb1 Qa5+
15. Kd1 g6 16. b4 Qa4+ 17. Qc2 Qxc2+ 18. Kxc2 Be5 19. f3 Rfc8+ 20. Kd2 Ne8 21.
Bd3 a6 22. Nd4 Nd6 23. Ne2 b5 24. Rhd1 a5 25. Ke1 axb4 26. Rxb4 Rc5 27. Bb1 Nc4
28. Kf2 Ra4 29. Rb3 Na3 30. Bd3 b4 31. g3 Nb5 32. Bxb5 Rxb5 33. Rd2 Rba5 34. f4
Bf6 35. Kf3 h5 36. h3 Kf8 37. Rc2 Be7 38. Nd4 Rc5 39. Rbb2 Rc3 40. Rxc3 bxc3 41.
Rb8+ Kg7 42. Rc8 Bf6 43. Rxc3 Bxd4 1/2-1/2